ロード中...
Eight famous plays /
| 第一著者: | |
|---|---|
| フォーマット: | Printed Book |
| 言語: | English |
| 出版事項: |
New York :
Charles Scribners Sons ,
1953.
|
| LEADER | 00501cam a2200157ua 4500 | ||
|---|---|---|---|
| 041 | |a eng | ||
| 082 | |a 822 |b STR/EI | ||
| 100 | |a Strindberg, August . | ||
| 245 | |a Eight famous plays / |c August Strindberg. |h Textual Documents | ||
| 260 | |a New York : |b Charles Scribners Sons , |c 1953. | ||
| 300 | |a 463 ; . | ||
| 504 | |||
| 541 | |e 7053 | ||
| 942 | |c BK | ||
| 999 | |c 32688 |d 32688 | ||
| 952 | |0 0 |1 0 |4 0 |6 822_000000000000000 |7 0 |9 43024 |a KAUAET |b KAUAET |d 2012-04-07 |m 0 |o 822 |p KAU_KCAET-7053 |r 2012-04-07 |w 2012-04-07 |y BK | ||